1127 1699 1806 1216 1601 1095 1042 1854 1518 1833 1972 1538 1414 1190 1118 1516 1362 1791 1213 1527 1660 1859 1999 1646 1658 1648 1171 1097 1799 1290 1979 1163 1021 1508 1961 1048 1657 1324 1619 1171 1449 1905 1004 1205 1291 1721 1301 1610 1838 1557 1151 1419 1513 1464 1714 1407 1453 1783 1314 1260 1483 1874 1865 1106 1601 1500 1270 1561 1663 1914 1660 1539 1632 1570 1309 1550 1811 1576 1907 1376 1346 1260 1796 1399 1846 1835 1632 1618 1696 1209 1017 1797 1183 1503 1055 1597 1756 1017 1679 BCNSPRNW ULIB Ver.6.0+V

เปลี่ยนเป็นภาษาไทย

Change to English
 แสดงรายละเอียดบรรณานุกรม
  กลับหน้าหลัก

Brief Record : Get Marc (ISO 2709) : E-mail record : QR code < ปิดหน้าต่าง
LEADER : 00000nam 2200000uu 4500
001    13399120276
003     ULIB
008    120918s2548||||th 000 0 tha d
020    ^a9746434594 (ล.3)
060 04 ^aWY160^bส719ก ล.3 2548
110 2  ^aมหาวิทยาลัยสุโขทัยธรรมาธิราช. ^bสาขาวิชาพยาบาลศาสตร์
245 10 ^aการส่งเสริมสุขภาพจิตและการพยาบาลจิตเวชหน่วยที่ 11-15 =^bMental healthpromotion and psychiatric nursing /^cสาขาวิชาพยาบาลศาสตร์ มหาวิทยาลัยสุโขทัยธรรมาธิราช
250    ^aพิมพ์ครั้งที่ 3
260    ^aนนทบุรี :^bสำนักพิมพ์มหาวิทยาลัยสุโขทัยธรรมาธิราช,^c2548
300    ^a3 ล. ;^c30 ซม.
500    ^a"เอกสารการสอนชุดวิชา 51102 หน่วยที่ 1-7, 8-10, 11-15" --หน้าปกใน
650  7 ^aการพยาบาลจิตเวชศาสตร์
650  7 ^aการส่งเสริมสุขภาพจิต
945    ^p0^l0^i24422
995    ^aวิภา
999 ^a ใช้งานได้ทุกระบบ
รายการนี้ยังไม่มีแท็ก
คุณยังไม่ได้ล็อกอิน คุณสามารถมีกิจกรรมร่วมกับเว็บไซต์ได้ แต่ต้องล็อกอินก่อน ::
  ล็อกอิน

รายการสื่อสารสนเทศ

ลำดับที่ ประเภท เลขเรียก/บาร์โค้ด สถานที่ สถานะ
1. Book การพยาบาล
Book การพยาบาล
สถานะ=หนังสือเก่า
WY160 ส719ก ล.3 2548  
  Barcode: 24422
ห้องสมุดวิทยาเขตนครสวรรค์
►หนังสือทั่วไป:l:General Books
บนชั้น

รายการใกล้เคียง
    หัวเรื่อง [การพยาบาลจิตเวชศาสตร์]
    หัวเรื่อง [การส่งเสริมสุขภาพจิต]

BibComment


ยังไม่เคยถูกคอมเมนท์

คอมเมนท์ทรัพยากรรายการนี้
  คอมเมนท์: การส่งเสริมสุขภา..


 Copyright 2026. Bcnsprnw @Library